European Capital Cities by Closest Capital N-E-S-W - Statistics

General Stats
  • This quiz has been taken 55 times
  • The average score is 32 of 45
Answer Stats
⇑ Closest North ⇑ ⇒ Closest East ⇒ ⇓ Closest South ⇓ ⇐ Closest West ⇐ CAPITAL CITY % Correct
⇑ Brussels ⇑ ⇒ Prague ⇒ ⇓ Bern ⇓ ⇐ Paris ⇐ Luxembourg
95%
⇑ --- ⇑ ⇒ Moscow ⇒ ⇓ Tallinn ⇓ ⇐ Stockholm ⇐ Helsinki
89%
⇑ --- ⇑ ⇒ Astana ⇒ ⇓ Kiev ⇓ ⇐ Minsk ⇐ Moscow
89%
⇑ --- ⇑ ⇒ Stockholm ⇒ ⇓ Copenhagen ⇓ ⇐ Dublin ⇐ Oslo
87%
⇑ Ljubljana ⇑ ⇒ Zagreb ⇒ ⇓ Vatican City ⇓ ⇐ Monaco ⇐ San Marino
87%
⇑ Riga ⇑ ⇒ Vilnius ⇒ ⇓ Bratislava ⇓ ⇐ Berlin ⇐ Warsaw
87%
⇑ Chisinau ⇑ ⇒ Ankara ⇒ ⇓ Athens ⇓ ⇐ Sofia ⇐ Bucharest
84%
⇑ Oslo ⇑ ⇒ Warsaw ⇒ ⇓ Berlin ⇓ ⇐ Amsterdam ⇐ Copenhagen
84%
⇑ Reykjavik ⇑ ⇒ London ⇒ ⇓ Andorra la Vella ⇓ ⇐ Ottawa ⇐ Dublin
84%
⇑ Paris ⇑ ⇒ Madrid ⇒ ⇓ Rabat ⇓ ⇐ Ottawa ⇐ Lisbon
84%
⇑ Oslo ⇑ ⇒ Brussels ⇒ ⇓ Paris ⇓ ⇐ Dublin ⇐ London
84%
⇑ Paris ⇑ ⇒ Andorra la Vella ⇒ ⇓ Rabat ⇓ ⇐ Lisbon ⇐ Madrid
84%
⇑ San Marino ⇑ ⇒ Sarajevo ⇒ ⇓ Tunis ⇓ ⇐ Vatican City ⇐ Rome
84%
⇑ Amsterdam ⇑ ⇒ Berlin ⇒ ⇓ Luxembourg ⇓ ⇐ London ⇐ Brussels
82%
⇑ --- ⇑ ⇒ Oslo ⇒ ⇓ Dublin ⇓ ⇐ Ottawa ⇐ Reykjavik
82%
⇑ Zagreb ⇑ ⇒ Belgrade ⇒ ⇓ Podgorica ⇓ ⇐ Ljubljana ⇐ Sarajevo
79%
⇑ Vienna ⇑ ⇒ Budapest ⇒ ⇓ Sarajevo ⇓ ⇐ Ljubljana ⇐ Zagreb
79%
⇑ Pristina ⇑ ⇒ Sofia ⇒ ⇓ Athens ⇓ ⇐ Tirana ⇐ Skopje
76%
⇑ Luxembourg ⇑ ⇒ Ljubljana ⇒ ⇓ Monaco ⇓ ⇐ Bern ⇐ Vaduz
76%
⇑ Riga ⇑ ⇒ Minsk ⇒ ⇓ Kiev ⇓ ⇐ Warsaw ⇐ Vilnius
74%
⇑ Bern ⇑ ⇒ Monaco ⇒ ⇓ Algiers ⇓ ⇐ Madrid ⇐ Andorra la Vella
71%
⇑ Tallinn ⇑ ⇒ Moscow ⇒ ⇓ Vilnius ⇓ ⇐ Stockholm ⇐ Riga
71%
⇑ Oslo ⇑ ⇒ Berlin ⇒ ⇓ Brussels ⇓ ⇐ London ⇐ Amsterdam
68%
⇑ Bern ⇑ ⇒ San Marino ⇒ ⇓ Tunis ⇓ ⇐ Andorra la Vella ⇐ Monaco
68%
⇑ Rome ⇑ ⇒ Athens ⇒ ⇓ Tripoli ⇓ ⇐ Tunis ⇐ Valletta
68%
⇑ Skopje ⇑ ⇒ Ankara ⇒ ⇓ Cairo ⇓ ⇐ Valletta ⇐ Athens
66%
⇑ Belgrade ⇑ ⇒ Bucharest ⇒ ⇓ Athens ⇓ ⇐ Skopje ⇐ Sofia
66%
⇑ Copenhagen ⇑ ⇒ Warsaw ⇒ ⇓ Prague ⇓ ⇐ Amsterdam ⇐ Berlin
63%
⇑ Minsk ⇑ ⇒ Tbilisi ⇒ ⇓ Chisinau ⇓ ⇐ Warsaw ⇐ Kiev
63%
⇑ Brussels ⇑ ⇒ Luxembourg ⇒ ⇓ Monaco ⇓ ⇐ Dublin ⇐ Paris
63%
⇑ --- ⇑ ⇒ Tallinn ⇒ ⇓ Copenhagen ⇓ ⇐ Oslo ⇐ Stockholm
63%
⇑ Budapest ⇑ ⇒ Bucharest ⇒ ⇓ Pristina ⇓ ⇐ Sarajevo ⇐ Belgrade
61%
⇑ Belgrade ⇑ ⇒ Sofia ⇒ ⇓ Skopje ⇓ ⇐ Podgorica ⇐ Pristina
61%
⇑ Luxembourg ⇑ ⇒ Vaduz ⇒ ⇓ Monaco ⇓ ⇐ Paris ⇐ Bern
58%
⇑ Riga ⇑ ⇒ Moscow ⇒ ⇓ Kiev ⇓ ⇐ Vilnius ⇐ Minsk
58%
⇑ Helsinki ⇑ ⇒ Moscow ⇒ ⇓ Riga ⇓ ⇐ Stockholm ⇐ Tallinn
58%
⇑ San Marino ⇑ ⇒ Rome ⇒ ⇓ Tunis ⇓ ⇐ Monaco ⇐ Vatican City
58%
⇑ Prague ⇑ ⇒ Bratislava ⇒ ⇓ Zagreb ⇓ ⇐ Vaduz ⇐ Vienna
58%
⇑ Prague ⇑ ⇒ Budapest ⇒ ⇓ Zagreb ⇓ ⇐ Vienna ⇐ Bratislava
55%
⇑ Sarajevo ⇑ ⇒ Pristina ⇒ ⇓ Tirana ⇓ ⇐ Rome ⇐ Podgorica
55%
⇑ Berlin ⇑ ⇒ Budapest ⇒ ⇓ Vienna ⇓ ⇐ Vaduz ⇐ Prague
55%
⇑ Podgorica ⇑ ⇒ Skopje ⇒ ⇓ Athens ⇓ ⇐ Rome ⇐ Tirana
55%
⇑ Vienna ⇑ ⇒ Zagreb ⇒ ⇓ San Marino ⇓ ⇐ Vaduz ⇐ Ljubljana
50%
⇑ Warsaw ⇑ ⇒ Bucharest ⇒ ⇓ Belgrade ⇓ ⇐ Bratislava ⇐ Budapest
47%
⇑ Kiev ⇑ ⇒ Tbilisi ⇒ ⇓ Bucharest ⇓ ⇐ Belgrade ⇐ Chisinau
47%
No matching quizzes found
Score Distribution
Percent of People with Each Score
Percentile by Number Answered
Your Score History
You have not taken this quiz